| 000 | 00835nas a2200253 4500 | ||
|---|---|---|---|
| 001 | BR9213310 | ||
| 003 | BR-BrBNA | ||
| 005 | 20231205095246.0 | ||
| 007 | ta | ||
| 008 | 230509b bl.|||p| |||| 00| 00por d | ||
| 040 |
_aBR-BrBNA _bpor _cBiblioteca Nacional de Agricultura |
||
| 041 | _a(Pt) | ||
| 072 | _aF61 | ||
| 100 | 1 | _aSilva, F.L.I.M. | |
| 100 | 1 | _aMagalhaes, J.R. | |
| 245 | 1 | _aAnalise de sensibilidade dos parametros utilizados na simulacao de absorcao de fosforo pelo tomateiro, com o modelo matematico de Cushman-Barber | |
| 650 | _aTomate | ||
| 650 | _aFosforo | ||
| 650 | _aAbsorcao | ||
| 650 | _aModelo Matematico | ||
| 773 | 0 |
_tRevista Brasileira de Ciencia do Solo (Brazil) _xISSN 0100-0683 _g(Sep-Dec 1989), v. 13(3) p. 315-320 _wBR9213310 |
|
| 909 |
_a202311 _bLúcia _c55 _dLúcia Elande |
||
| 942 |
_2AGRIS _n0 _cANA |
||
| 999 |
_c149652 _d149652 |
||